NBA Live Cover Athletes - Statistics

General Stats
  • This quiz has been taken 17 times
  • The average score is 10 of 21
Answer Stats
Answer % Correct
NBA Live 96 Shaquille O'Neal
76%
NBA Live 06 Dwyane Wade
71%
NBA Live 14 Kyrie Irving
65%
NBA Live 2000 Tim Duncan
65%
NBA Live 2005 Carmelo Anthony
59%
NBA Live 18 James Harden
59%
NBA Live 19 Joel Embiid
59%
NBA Elite 11 Kevin Durant
59%
NBA Live 09 Tony Parker
59%
NBA Live 15 Damian Lillard
53%
NBA Live 2003 Jason Kidd
53%
NBA Live 2001 Kevin Garnett
53%
NBA Live 10 Dwight Howard
47%
NBA Live 2004 Vince Carter
47%
NBA Live 2002 Steve Francis
41%
NBA Live 07 Tracy McGrady
41%
NBA Live 08 Gilbert Arenas
35%
NBA Live 16 Russel Westbrook
35%
NBA Live 98 Tim Hardaway
29%
NBA Live 99 Antoine Walker
12%
NBA Live 97 Mitch Richmond
12%
No matching quizzes found
Score Distribution
Percent of People with Each Score
Percentile by Number Answered
Your Score History
You have not taken this quiz